01340nam a2200241 i 4500003000900000005001700009007000300026008004100029020001900070040003000089041000800119082002000127100003800147245012400185264004500309300007000354336002700424337003400451338002800485500007800513520046800591700003901059DO-SdBNP20250902133035.0ta250508b2024 dr co || |||| 00| 0 spa d a9789945223927  aDO-SdBNPbspacBNPHUerda aspa 4axxxbN714cr2221 aNina Gómez, Carloseautor4aut.10aCrónicas de un periodista viajero :bEscenarios del boxeo mundial /cCarlos Nina Gómez ; prólogo, Ricardo Nieves. 1aSanto Domingo :bEditora Búho, c2024. a291 páginas :bilustraciones, retratos, fotografías ;c24 cm. atextobtxt2rdacontent asin mediación bn2rdamedia avolumenbnc2rdacarrier aIncluye datos biografícos del autor en la solapa de la contracubierta.  aCrónicas de un periodista viajero -Escenarios del boxeo mundial- es una obra cuyo contenido resalta el trabajo del autor durante sus constantes viajes al extranjero, en especial a Estados Unidos, para cubrir grandes peleas del boxeo mundial. En el libro se resalta la estelaridad de los más capacitados boxeadores así como el gran negocio que representa el boxeo cuyos principales escenarios son las ciudades de Las Vegas, Nevada, Nueva York, Miami y Texas.1 aNieves, Ricardo,eprologuista4pr.